000 00500nam a2200193Ia 4500
003 ARRUPE
005 20151023083116.0
008 130303s9999 xx 000 0 und d
040 _cARRUPELIB
050 _aPR6045.O72
_bM7 1976
100 _aWoolf, Virginia
_920175
245 _aMrs Dalloway
260 _aSt. Albans Herts AL2 2NF
260 _bGranada Publishing Limited
300 _a172p.
300 _b 18cm.
650 _bPhilosophy-Introductions
_920176
942 0 0 _01
_2lcc
_cMONOGRAPH
999 _c29034
_d29034